Estadísticas para Equipos de la NHL

Haz click aquí para intentar la prueba.

Estadísticas generales

  • Esta prueba ha sido intentada 602 veces
    (523 desde el último reinicio)
  • La puntuación promedio es 21 de 31

Estadísticas de respuestas

Equipo% Correcto
Anaheim Ducks
80%
Pittsburgh Penguins
78%
Boston Bruins
76%
New York Rangers
76%
Montreal Canadiens
75%
Toronto Maple Leafs
75%
Los Angeles Kings
74%
New York Islanders
74%
Vancouver Canucks
72%
Edmonton Oilers
71%
San Jose Sharks
71%
Colorado Avalanche
70%
Ottawa Senators
70%
Winnipeg Jets
70%
Chicago Blackhawks
69%
Calgary Flames
68%
Detroit Red Wings
68%
Florida Panthers
67%
Dallas Stars
66%
Minnesota Wild
66%
Washington Capitals
66%
Arizona Coyotes
65%
New Jersey Devils
64%
Philadelphia Flyers
63%
St. Louis Blues
63%
Tampa Bay Lightning
63%
Vegas Golden Knights
63%
Buffalo Sabres
62%
Carolina Hurricanes
62%
Columbus Blue Jackets
60%
Nashville Predators
60%

Distribución de puntuación

Porcentaje por número respondido

Porcentaje de gente con cada puntuación

Historial de tus puntuaciones

No has intentado esta prueba desde el último reinicio